Countries with the most and the least polluted air - Statistics

General Stats
  • This quiz has been taken 55 times
  • The average score is 13 of 24
Answer Stats
Hint Answer % Correct
4. least polluted Canada
91%
4. most polluted India
87%
3. least polluted Sweden
84%
8. least polluted USA
84%
1. least polluted Finland
78%
5. least polluted Norway
78%
6. most polluted Pakistan
78%
6. least polluted Iceland
76%
8. most polluted Bangladesh
69%
11. least polluted Ireland
60%
10. most polluted Saudi Arabia
58%
3. most polluted Qatar
56%
7. most polluted Afghanistan
53%
12. least polluted Spain
53%
12. most polluted Nepal
51%
11. most polluted Bahrain
47%
2. most polluted Mongolia
44%
2. least polluted Estonia
40%
10. least polluted Portugal
36%
9. least polluted Fiji
18%
9. most polluted Bosnia and Herzegovina
4%
5. most polluted Cameroon
4%
1. most polluted Uganda
2%
7. least polluted Uruguay
2%
No matching quizzes found
Score Distribution
Percent of People with Each Score
Percentile by Number Answered
Your Score History
You have not taken this quiz